Profit not for profit's sake (Record no. 54971)

MARC details
000 -LEADER
fixed length control field 00826nam a2200205 a 4500
008 - FIXED-LENGTH DATA ELEMENTS--GENERAL INFORMATION
fixed length control field 120416s1997 ||||||||||||||||| || u
020 ## - INTERNATIONAL STANDARD BOOK NUMBER
International Standard Book Number 090831194X
050 ## - LIBRARY OF CONGRESS CALL NUMBER
Classification number HD 62.7 Wil
100 ## - MAIN ENTRY--PERSONAL NAME
Personal name Wild, Volker
245 10 - TITLE STATEMENT
Title Profit not for profit's sake
246 ## - VARYING FORM OF TITLE
Title proper/short title history and business culture of African entrepreneurs in Zimbabwe
260 ## - PUBLICATION, DISTRIBUTION, ETC.
Place of publication, distribution, etc. Harare
Name of publisher, distributor, etc. Baobab Books
Date of publication, distribution, etc. 1997
300 ## - PHYSICAL DESCRIPTION
Extent xxv, 324 p.
350 ## - PRICE (NR) (BK AM CF MU VM SE) [OBSOLETE]
Price 0.00
500 ## - GENERAL NOTE
General note German ed. published: Mèunchen : Weltform Verlag, 1994. -Includes bibliographical references (p. 281-310) and index.
650 #0 - SUBJECT ADDED ENTRY--TOPICAL TERM
Topical term or geographic name entry element BUSINESS
650 ## - SUBJECT ADDED ENTRY--TOPICAL TERM
Topical term or geographic name entry element Entrepreneurship--ZIMBABWE--HISTORY
650 ## - SUBJECT ADDED ENTRY--TOPICAL TERM
Topical term or geographic name entry element SMALL BUSINESS--ZIMBABWE--HISTORY
995 ## - RECOMMENDATION 995 [LOCAL, UNIMARC FRANCE]
-- 0.00
-- CBU-MAIN LIBRARY (Kitwe)
-- 1
-- 13.95
-- 1
-- DAMAGED
-- Main Library Open Access Collection
Holdings
Withdrawn status Lost status Source of classification or shelving scheme Damaged status Not for loan Home library Current library Shelving location Date acquired Total Checkouts Full call number Barcode Date last seen Price effective from Koha item type
          CBU-MAIN LIBRARY, KITWE. CBU-MAIN LIBRARY, KITWE.   11/30/2022   HD 62.7 Wil 024038 11/30/2022 11/30/2022 MONOGRAPH